000 00541nam a2200193Ia 4500
005 20250923144348.0
008 008 250917s9999 xx 000 0 eng d
037 _aTextual
040 _aDSWL
_beng
_cDSWL
041 _aeng
_2eng
084 _aB28, N54
_qDSWL
100 _aGosh, M.K Chaudhri S.C
_9824106
245 0 _aStatistics, theory and practice
_cby M.K Gosh
260 _aAllahabad
_c1954
300 _a800 p.
700 _aS.C Chaudhri
_9824107
942 _cTEXL
_hB28, N54
999 _c1437915
_d1437915